000 00971nam0a2200289 4500
001 RU\NLR\bibl\1133016
005 20250615071707.0
010 _a978-5-9640-0533-9
_911000
021 _aRU
_b2007-55397
_92948
035 _a(nilc)RSL-KNO-003178646
035 _a(NLR Aleph) 001119921
090 _a1291533
_c1291533
100 _a20070821d2007 |||y0rusy50 ca
101 0 _arus
102 _aRU
105 _aa zzzz|||||
200 1 _aЛадушки
_e[потешка
_eдля чтения взрослыми детям
_eдля детей дошкольного возраста
_fхудож. О. Тукалевская]
210 _aМосква
_cЛИНГ
_d2007
215 _a[12] с.
_cцв. ил.
_d22
225 1 _aЧитаем с мамой
702 1 _aТукалевская
_bО.
_4040
801 0 _aRU
_bРКП
_c20070821
_grcr
801 1 _aRU
_bРГБ
_c20070821
801 2 _aRU
_bNLR
_c20070926
_grcr
942 _cBOOK
980 _aNB